Experiències i previsions de futur en el camp de l'energia : eficiència energètica i serveis municipals : 30 de novembre de 1995 eficiència energètica i serveis municipals :
Publicado:
Barcelona :
Diputació de Barcelona. Àrea d'Acció Territorial i Medi Ambient. Servei de Medi Ambient, [1995]
Descripción Física:
[2], 12, [7] p. : graf. ; 30 cm
Materias:
Energia -- Espanya -- Congressos
MARC
| LEADER | 00000nam a2200000Ia 4500 | ||
|---|---|---|---|
| 001 | 24345 | ||
| 003 | BGR | ||
| 005 | 20260324180612.0 | ||
| 008 | 160829s9999 xx 000 0 cat d | ||
| 080 | |a FU-65-16 | ||
| 111 | |a Eficiència Energètica i Serveis Municipals. Jornada |9 70734 |c (Barcelona : |d 1995) | ||
| 245 | |a Experiències i previsions de futur en el camp de l'energia : |b eficiència energètica i serveis municipals : |b 30 de novembre de 1995 | ||
| 260 | |a Barcelona : |b Diputació de Barcelona. Àrea d'Acció Territorial i Medi Ambient. Servei de Medi Ambient, [1995] | ||
| 300 | |a [2], 12, [7] p. : |b graf. ; |c 30 cm | ||
| 590 | |a Text en català, algunes ponències en castellà | ||
| 650 | |a Energia |x Espanya |x Congressos |9 49737 | ||
| 710 | 1 | |a Barcelona (Catalunya : Província). |b Servei de Medi Ambient |9 53475 | |
| 901 | |a Arxiu | ||
| 942 | |n 1 |2 udc |c MON | ||
| 952 | |0 0 |1 0 |4 0 |6 FU6516 |7 1 |9 55604 |a Arxiu |b Arxiu |d 2016-12-01 |l 0 |o FU-65-16 |p 24345 |r 2016-12-01 00:00:00 |w 2016-12-01 |y ARXIU | ||
| 999 | |c 59477 |d 59477 | ||